Tableau des médailles olympiques - Natation - Statistiques

Statistiques générales
  • Ce quiz a été pris 239 fois
  • Le résultat moyen est 12 sur 15
Statistiques - réponses
Total Or Argent Bronze Pays % Correct
583 259 180 144 États-Unis
99%
48 8 16 20 France
99%
49 16 21 12 Chine
95%
214 69 70 75 Australie
89%
83 24 27 32 Japon
89%
99 20 30 51 Allemagne
86%
87 21 33 33 Grande-Bretagne
86%
92 38 32 22 Allemagne de l’Est
85%
23 5 9 9 Russie
85%
55 9 18 28 Canada
84%
29 5 7 17 Italie
80%
78 30 28 20 Hongrie
58%
39 9 18 14 Suède
57%
62 22 21 19 Pays-Bas
55%
59 12 21 26 Union soviétique
50%
Aucun quiz correspondant
Distribution des résultats
% des personnes avec chaque résultat
Percentile par nombre de réponses
Votre historique - résultats
Vous n’avez pas pris ce quiz